| 000 | 00770nam a22002177a 4500 | ||
|---|---|---|---|
| 005 | 20251030160613.0 | ||
| 010 | _aENG-147045 | ||
| 020 |
_c1050.00 _a9789364444460 |
||
| 035 | _aEN-130577 | ||
| 037 | _bDBAD | ||
| 082 |
_a658.81 _24 |
||
| 100 |
_aKrishna K. Havaldar _985589 |
||
| 245 | 0 | 0 |
_aSales And Distribution Management: _bLeveraging Emerging Technologies/ _cKrishna K. Havaldar: Vasant M. Cavale [and] Subrata K. Nandi |
| 250 | _a4 | ||
| 260 |
_aChennai _bMcGraw Hill Education _c2025 |
||
| 270 |
_aAnjana Complex No. 5/90 A, Butt Road, St Thomas Mount _bChennai _e600016 |
||
| 300 |
_axxix, 801p. _c24cm(pb) |
||
| 700 |
_aCavale Vasant M. _eAuthor _985590 |
||
| 700 |
_aNandi, Subrata K. _eAuthor _985591 |
||
| 942 |
_2ddc _cEN _mHAV _h658.81 |
||
| 999 |
_c213698 _d213698 |
||